Крупнейшие Города Чёрного Моря - Statistics

General Stats
  • This quiz has been taken 490 times
  • The average score is 6 of 20
Answer Stats
Население Страна Город % Correct
1,010,537 Украина Одесса
92%
466,078 Россия Сочи
81%
522,057 Россия Севастополь
73%
277,185 Россия Новороссийск
53%
172,000 Грузия Батуми
43%
368,490 Болгария Варна
39%
151,996 Россия Керчь
37%
470,011 Украина Николаев
35%
816,684 Турция Трабзон
24%
283,872 Румыния Констанца
22%
225,669 Болгария Бургас
18%
643,820 Турция Самсун
17%
195,817 Турция Орду
9%
141,143 Турция Ризе
9%
125,339 Турция Зонгулдак
7%
135,920 Турция Гиресун
6%
126,703 Турция Унье
4%
145,389 Турция Эрегли
2%
123,552 Турция Акчаабат
2%
116,154 Турция Фатса
2%
No matching quizzes found
Score Distribution
Percent of People with Each Score
Percentile by Number Answered
Your Score History
You have not taken this quiz